Virginia Tech Football Opponents - Statistics

General Stats
  • This quiz has been taken 151 times
    141 since last reset
  • The average score is 41 of 126
Answer Stats
Overall Record (W-L-T) Answer % Correct
54-37-5 Virginia
96%
0-2 Florida
87%
20-11-6 North Carolina
85%
1-12 Alabama
84%
12-23-1 Florida State
84%
13-19 Miami (FL)
82%
0-1 Miami (OH)
82%
12-20-1 Clemson
81%
1-2 Georgia
81%
14-8 Duke
79%
8-4 Georgia Tech
78%
15-8 Boston College
75%
4-0 Ohio
75%
26-18-4 NC State
74%
1-0 Texas
74%
0-1 Michigan
73%
1-0 Ohio State
70%
15-16 Maryland
67%
8-6 Pittsburgh
67%
24-12-1 Wake Forest
67%
22-28-1 West Virginia
67%
1-1 Mississippi
66%
8-9 Syracuse
66%
0-1 UCLA
66%
1-3-1 Auburn
63%
6-11-2 Kentucky
63%
3-5 Tennessee
63%
0-1 USC
63%
5-2 Louisville
59%
0-1 Kansas
58%
0-1 Oklahoma
58%
1-1 Pennsylvania
58%
7-11-2 South Carolina
58%
1-1 LSU
54%
2-1 Nebraska
54%
2-2 Texas A&M
54%
12-3 Rutgers
53%
13-6 East Carolina
51%
6-1 James Madison
51%
1-1 Kansas State
51%
1-1 Oklahoma State
49%
49-25-5 VMI
48%
1-0 Indiana
46%
10-2 Marshall
46%
0-1 Stanford
46%
41-18-4 William and Mary
44%
2-0 Connecticut
41%
3-7 Navy
41%
37-10-4 Richmond
41%
3-0 UCF
41%
1-5 Army
40%
0-1 Boise State
40%
6-3 Vanderbilt
38%
1-1 Air Force
35%
0-1 California
35%
5-4 Tulane
32%
4-0 Arkansas State
30%
6-5 Cincinnati
30%
1-2 SMU
29%
14-3 Temple
29%
5-0 Akron
27%
1-3-1 Houston
27%
4-0 Western Michigan
27%
0-2 Yale
27%
4-0 Appalachian State
26%
1-0 Central Michigan
26%
2-0 Buffalo
25%
3-0 Bowling Green
24%
3-3 Memphis
24%
1-3 Tulsa
23%
5-0 Villanova
22%
1-0 Western Kentucky
22%
0-1 Cornell
21%
0-3 Princeton
21%
4-4 Georgetown
20%
2-0 Citadel
18%
3-0 UAB
18%
0-1 Dartmouth
16%
2-1 Kent State
16%
1-0 Rhode Island
15%
5-0 Furman
14%
5-4 Southern Miss
14%
1-0 Western Carolina
13%
11-8 George Washington
12%
0-1 Chattanooga
9%
1-0 Austin Peay
8%
3-0 Charleston
8%
1-0 Florida A&M
8%
1-0 Louisiana-Lafayette
8%
1-0 Northeastern
8%
23-20-5 Washington and Lee
8%
1-1 Colgate
7%
0-1 Bucknell
5%
2-0 East Tennessee State
5%
26-0-2 Roanoke College
5%
10-3-1 Davidson
4%
2-0 Tampa
4%
2-2 UMBC
4%
5-1 Emory & Henry
3%
1-0 Lynchburg
3%
1-0 Alleghany Institute
2%
2-3 Centre
2%
1-0 Cumberland
2%
24-0 Hampden-Sydney
2%
1-0 Nashville
2%
3-1 Randolph-Macon
2%
1-0 Roanoke YMCA
2%
8-1 St. Albans
2%
1-0 Waynesburg
2%
0-1 West Virginia Wesleyan
2%
1-0 Belmont Athletic Club
1%
1-0 Catholic
1%
1-0 Guilford
1%
0-2 Quantico
1%
2-0 Western Maryland
1%
0-1 3rd Corp Area
0%
1-0 Bellevue
0%
1-0 Camp Humphreys
0%
3-0 Catawba
0%
1-0 Gallaudet
0%
6-0 King College
0%
1-0 Maryville
0%
0-1 Medical College of Virginia
0%
1-0 North Carolina Club
0%
1-0 VPI Stars
0%
2-0 West Texas State
0%
No matching quizzes found
Score Distribution
Percent of People with Each Score
Percentile by Number Answered
Your Score History
You have not taken this quiz since the last reset